书目信息 |
| 题名: |
城市广场景观设计
|
|
| 作者: | 李科 , 石璐 主编 | |
| 分册: | ||
| 出版信息: | 沈阳 辽宁美术出版社 2019.12 |
|
| 页数: | 128页 | |
| 开本: | 29cm | |
| 丛书名: | ||
| 单 册: | ||
| 中图分类: | TU984.182 | |
| 科图分类: | ||
| 主题词: | 广场--guang chang--景观设计--高等学校--教材 | |
| 电子资源: | ||
| ISBN: | 978-7-5314-8539-1 | |
| 000 | 01144nam0 2200277 450 | |
| 001 | 0100028542 | |
| 005 | 20211025120159.0 | |
| 010 | @a978-7-5314-8539-1@dCNY49.00 | |
| 100 | @a20201224d2019 em y0chiy50 ea | |
| 101 | 0 | @achi |
| 102 | @aCN@b210000 | |
| 105 | @aa a 000yy | |
| 106 | @ar | |
| 200 | 1 | @a城市广场景观设计@Acheng shi guang chang jing guan she ji@d= Landscape design of city square@f主编李科, 石璐@zeng |
| 210 | @a沈阳@c辽宁美术出版社@d2019.12 | |
| 215 | @a128页@c彩图@d29cm | |
| 320 | @a有书目 (第128页) | |
| 330 | @a本书共七章, 阐述城市广场景观设计重要的理论观念和前沿学术课题, 并以课程实录的方式, 记录“周进制”教学模式及进程。课程结构从历史的发展、空间尺度关系、空间组织、设计要素等基础理论出发, 进而梳理城市广场景观的设计方法、设计表达与设计深度等内容。 | |
| 333 | @a21世纪全国普通高等院校美术·艺术设计专业“十三五”精品课程规划教材 | |
| 510 | 1 | @aLandscape design of city square@zeng |
| 606 | 0 | @a广场@Aguang chang@x景观设计@x高等学校@j教材 |
| 690 | @aTU984.182@v5 | |
| 701 | 0 | @a李科@Ali ke@4主编 |
| 701 | 0 | @a石璐@Ashi lu@4主编 |
| 801 | 0 | @aCN@c20210909 |
| 905 | @a河南城建学院图书馆@dTU984.182@eL191 | |
| 城市广场景观设计= Landscape design of city square/主编李科, 石璐.-沈阳:辽宁美术出版社,2019.12 |
| 128页:彩图;29cm |
| 使用对象:21世纪全国普通高等院校美术·艺术设计专业“十三五”精品课程规划教材 |
| ISBN 978-7-5314-8539-1:CNY49.00 |
| 本书共七章, 阐述城市广场景观设计重要的理论观念和前沿学术课题, 并以课程实录的方式, 记录“周进制”教学模式及进程。课程结构从历史的发展、空间尺度关系、空间组织、设计要素等基础理论出发, 进而梳理城市广场景观的设计方法、设计表达与设计深度等内容。 |
| ● |
| 相关链接 |
|
|
|
正题名:城市广场景观设计
索取号:TU984.182/L191
 
预约/预借
| 序号 | 登录号 | 条形码 | 馆藏地/架位号 | 状态 | 备注 |
| 1 | 1545550 | 215455503 | 建筑库201/201建筑库 94排1列1层/ [索取号:TU984.182/L191] | 在馆 | |
| 2 | 1545551 | 215455512 | 建筑库201/201建筑库 94排1列2层/ [索取号:TU984.182/L191] | 在馆 |